[Event "SVK-chT 9899"]
[Site "SVK"]
[Date "1999.??.??"]
[Round "10"]
[White "Lisko, Frantisek"]
[Black "Dudas, Jan"]
[Result "1-0"]
[WhiteElo "2325"]
[BlackElo "2305"]

1.d4 Nf6 2.c4 e6 3.Nc3 Bb4 4.Qc2 O-O 5.a3 Bxc3+ 6.Qxc3 Ne4 7.Qc2 f5 8.Be3 b6
9.g4 Bb7 10.Bg2 d5 11.gxf5 exf5 12.cxd5 Bxd5 13.Nh3 Nf6 14.Rg1 Qd7 15.Nf4 Bxg2
16.Rxg2 Kh8 17.Qc4 Re8 18.Rc1 c6 19.Rg3 b5 20.Qb3 a5 21.Rh3 h6 22.Ng6+ Kh7
23.Ne5 Qe6 24.Qd3 Kg8 25.Bxh6 gxh6 26.Rxh6 Ra7 27.Qg3+ Rg7 28.Qh4 Rh7 29.Rg6+ Kh8
30.Qxf6+ Qxf6 31.Rxf6 Rxh2 32.Rxf5 Rg8 33.Kd2 Rgg2 34.Rf8+ Rg8 35.Rf7 Rh4
36.e3 Rh6 37.Rb7  1-0

[Event "SWZ-chT"]
[Site "SWZ"]
[Date "1999.??.??"]
[Round "2"]
[White "Kelecevic, Nedeljko"]
[Black "Summermatter, Daniel"]
[Result "1-0"]
[WhiteElo "2425"]
[BlackElo "2336"]

1.d4 Nf6 2.c4 e6 3.Nc3 Bb4 4.Qc2 O-O 5.Bg5 h6 6.Bh4 d6 7.e3 b6 8.Ne2 Nbd7
9.O-O-O Bb7 10.e4 Qe7 11.a3 Bxc3 12.Nxc3 e5 13.f3 c5 14.dxe5 dxe5 15.Bd3 Qe6
16.Rhe1 Ne8 17.Nd5 Nb8 18.f4 exf4 19.e5 g5 20.Bf5 Bxd5 21.cxd5 Qe7 22.d6 Qd8
23.e6 fxe6 24.Bxe6+ Kh8 25.Bd5  1-0

[Event "RUS-ch sf"]
[Site "Ufa"]
[Date "1999.??.??"]
[Round "3"]
[White "Obukhov, Alexander"]
[Black "Balashov, Sergey"]
[Result "1-0"]
[WhiteElo "2435"]
[BlackElo "2024"]

1.d4 Nf6 2.c4 e6 3.Nc3 Bb4 4.Qc2 O-O 5.a3 Bxc3+ 6.Qxc3 Ne4 7.Qc2 d5 8.e3 Nd7
9.Bd3 Nef6 10.Ne2 b6 11.cxd5 exd5 12.g4 Bb7 13.f3 c5 14.g5 Ne8 15.Bxh7+ Kh8
16.Bf5 Nd6 17.h4 Re8 18.Kf2 a6 19.g6 fxg6 20.Bxg6 Rf8 21.Nf4 Rxf4 22.exf4 Qf6
23.h5 Rf8 24.h6 Ne4+ 25.Bxe4 dxe4 26.hxg7+ Kxg7 27.Be3 cxd4  1-0

[Event "LTU-ch"]
[Site "Vilnius"]
[Date "1999.??.??"]
[Round "?"]
[White "Sakalauskas, Vaidas"]
[Black "Rastenis, Gedeminas"]
[Result "1-0"]
[WhiteElo "2450"]
[BlackElo "2325"]

1.d4 Nf6 2.c4 e6 3.Nc3 Bb4 4.Qc2 O-O 5.Nf3 b6 6.e4 c5 7.e5 cxd4 8.a3 dxc3
9.axb4 Ne8 10.Bd3 f5 11.exf6 Nxf6 12.bxc3 Bb7 13.Bf4 Bxf3 14.gxf3 Nc6 15.Bd6 Rf7
16.O-O-O Ne7 17.Rhg1 Rc8 18.Kb2 a5 19.b5 Nf5 20.Bxf5 exf5 21.Rd4 Qe8 22.Qd2 Qd8
23.Rd1 h6 24.Kb3 Ne8 25.Be5 a4+ 26.Kc2 Qe7 27.Rxd7 Qxe5 28.Rxf7 Rxc4 29.Rb7 Nf6
30.Rxb6 Qc5 31.Rxf6 Qxb5 32.Rb1 Rxc3+ 33.Qxc3 Qe2+ 34.Kc1  1-0

[Event "JUG-chT"]
[Site "Vrnjacka Banja"]
[Date "1999.??.??"]
[Round "1"]
[White "Stankovic, Dragan"]
[Black "Vujosevic, Vladimir"]
[Result "1/2-1/2"]
[WhiteElo "2318"]
[BlackElo "2375"]

1.d4 Nf6 2.c4 e6 3.Nc3 Bb4 4.Qc2 O-O 5.a3 Bxc3+ 6.Qxc3 b6 7.Nf3 Bb7 8.Bg5 d6
9.e3 Nbd7 10.b4 h6 11.Bh4 c5 12.dxc5 bxc5 13.Nd2 Rc8 14.b5 d5 15.f3 Qb6 16.Bf2 e5
17.Bd3 d4 18.Qc2 e4 19.Bxe4 Bxe4 20.Nxe4 Nxe4 21.fxe4 Ne5 22.O-O d3 23.Qc3 Qe6
24.Rac1 Rfd8 25.Rfd1 d2 26.Rxd2 Rxd2 27.Qxd2 Nxc4 28.Qa2 Nd6 29.Qxe6 fxe6
30.a4 Nxe4 31.Be1 Kf7 32.Kf1 e5 33.Ke2 Ke6 34.Kd3 Kd5 35.Rc4 h5 36.h4 g6
37.g3 Nf6 38.e4+ Kd6 39.Bf2 Nd7 40.Rc1 a6 41.Kc4 axb5+ 42.axb5 Nb6+ 43.Kb3 Nd7
44.Kc4  1/2-1/2

[Event "JUG-chT"]
[Site "Vrnjacka Banja"]
[Date "1999.??.??"]
[Round "4"]
[White "Ivanisevic, Ivan"]
[Black "Kostic, Vladimir"]
[Result "1-0"]
[WhiteElo "2447"]
[BlackElo "2402"]

1.d4 Nf6 2.c4 e6 3.Nc3 Bb4 4.Qc2 O-O 5.e4 d5 6.e5 Ne4 7.Bd3 c5 8.cxd5 exd5
9.Ne2 cxd4 10.Nxd4 Qc7 11.O-O Qxe5 12.Nf3 Qh5 13.Nxd5 Qxd5 14.Bxe4 Qh5 15.Ng5 Nc6
16.Bxh7+ Kh8 17.Bd3 Bd6 18.h3 Ne5 19.Be2 Qg6 20.Qxg6 Nxg6 21.Rd1 Be7 22.Bf3 Ne5
23.Bd5 f6 24.Ne6 Bxe6 25.Bxe6 Bc5 26.Rd5 Bb6 27.Bf4 Rae8 28.Bf5 g6 29.Bc2 g5
30.Bd2 Rd8 31.Rxd8 Rxd8 32.Bc3 Kg7 33.Kf1 Bc5 34.Rd1 Rc8 35.Bf5 Rc7 36.Rd5 Kf7
37.g3 Be7 38.Ke2 a6 39.h4 gxh4 40.gxh4 Rc4 41.Rd4 Rc7 42.h5 Bf8 43.f4 Nc4
44.Rd8 Bh6 45.Kf3 Re7 46.Be4 Kg7 47.Bd5  1-0

[Event "JUG-chT"]
[Site "Vrnjacka Banja"]
[Date "1999.??.??"]
[Round "5"]
[White "Ivanov, Sergey"]
[Black "Komarov, Dimitri"]
[Result "1-0"]
[WhiteElo "2538"]
[BlackElo "2582"]

1.d4 Nf6 2.c4 e6 3.Nc3 Bb4 4.Qc2 O-O 5.a3 Bxc3+ 6.Qxc3 b6 7.Bg5 d6 8.e3 Nbd7
9.Bd3 c5 10.Ne2 Ba6 11.Qc2 h6 12.Bh4 Rc8 13.Qa4 Bb7 14.O-O a6 15.Nc3 Qc7
16.Rfc1 cxd4 17.exd4 Nh5 18.Bf1 g5 19.Qd1 Ndf6 20.Bg3 Nxg3 21.hxg3 Qe7 22.d5 exd5
23.cxd5 Rc5 24.b4 Rcc8 25.Ra2 Rfe8 26.Re2 Qd8 27.Rxe8+ Qxe8 28.Qd4 Nd7 29.Rd1 f5
30.f4 Qe7 31.Bd3 Rf8 32.Rf1 Bc8 33.Nd1 Qf6 34.Qxf6 Nxf6 35.Ne3 gxf4 36.gxf4 b5
37.g3 Re8 38.Kf2 Bb7 39.Bxf5 Nxd5 40.Nxd5 Bxd5 41.Rd1 Bc4 42.Rxd6 a5 43.bxa5 Re2+
44.Kf3 Ra2 45.Rxh6 Rxa3+ 46.Kg4 Rxa5 47.Rc6 Ra7 48.Rb6 Kg7 49.Kg5 Rc7 50.Bg6 Rc5+
51.f5 Bf1 52.Rb7+ Kf8 53.Kh6 Rc6 54.Rf7+ Kg8 55.Re7 Rc8 56.f6 Bc4 57.f7+ Bxf7
58.Bxf7+ Kf8 59.Rb7 b4 60.g4 Rc3 61.g5 Rh3+ 62.Kg6  1-0

[Event "Zagreb op"]
[Site "Zagreb"]
[Date "1999.??.??"]
[Round "3"]
[White "Nikolov, Sasho"]
[Black "Jakupec, Denis"]
[Result "1-0"]
[WhiteElo "2395"]
[BlackElo "2205"]

1.d4 Nf6 2.c4 e6 3.Nc3 Bb4 4.Qc2 O-O 5.a3 Bxc3+ 6.Qxc3 b6 7.Bg5 Bb7 8.f3 h6
9.Bh4 d5 10.e3 Nbd7 11.cxd5 exd5 12.Bd3 Re8 13.Ne2 c5 14.Bf2 a5 15.O-O Ba6
16.Bxa6 Rxa6 17.Ng3 c4 18.Rae1 b5 19.e4 Qb8 20.e5 Nh7 21.f4 b4 22.Qf3 Qa8
23.f5 Ndf8 24.Nh5 Qb7 25.Qg4 f6 26.Bh4 Ng5 27.Bxg5 hxg5 28.h4 Nh7 29.hxg5 fxg5
30.f6 gxf6 31.exf6 Rxe1 32.Rxe1  1-0

[Event "Zaragoza op 11th"]
[Site "Zaragoza"]
[Date "1999.??.??"]
[Round "6"]
[White "Avila Jimenez, Javier"]
[Black "Lopez Martinez, Jose Manuel"]
[Result "0-1"]
[WhiteElo "2150"]
[BlackElo "2370"]

1.d4 Nf6 2.c4 e6 3.Nc3 Bb4 4.Qc2 O-O 5.a3 Bxc3+ 6.Qxc3 Ne4 7.Qc2 f5 8.Nh3 d6
9.f3 Nf6 10.Bg5 e5 11.dxe5 dxe5 12.Nf2 h6 13.Bd2 e4 14.fxe4 fxe4 15.Nxe4 Bf5
16.Nxf6+ Qxf6 17.Qc3 Qf7 18.O-O-O Nc6 19.e3 a5 20.b3 Bg4 21.c5 Kh8 22.Bc4 Qe7
23.Rdf1 Qxc5 24.Kb2 Rfd8 25.h3 Qd6 26.Bc1 Bh5 27.g4 Bg6 28.Bf7 Be4 29.Rhg1 Ne5
30.Ka1 Nd3 31.a4 Qh2 32.g5 Nxc1 33.Rxc1 Rd2 34.b4 axb4 35.Qxb4 h5 36.Rcd1 Qe5+  0-1

[Event "Zaragoza op 11th"]
[Site "Zaragoza"]
[Date "1999.??.??"]
[Round "7"]
[White "Kolev, Atanas"]
[Black "Epishin, Vladimir"]
[Result "0-1"]
[WhiteElo "2540"]
[BlackElo "2575"]

1.d4 Nf6 2.c4 e6 3.Nc3 Bb4 4.Qc2 O-O 5.a3 Bxc3+ 6.Qxc3 b6 7.Bg5 Bb7 8.f3 d6
9.Nh3 Nbd7 10.e3 c5 11.dxc5 bxc5 12.Be2 a5 13.O-O a4 14.Rad1 Ra6 15.Rd2 h6
16.Bf4 Qe7 17.Rfd1 e5 18.Bg3 Nh5 19.Be1 f5 20.Qc2 g5 21.Nf2 Ng7 22.Rd3 Nf6
23.Bc3 e4 24.fxe4 Nxe4 25.Bf3 Nxc3 26.Qxc3 Bxf3 27.gxf3 Rb6 28.Qc2 Rf6 29.e4 Re6
30.Rd5 Qf6 31.Qc3 Qg6 32.e5 Rb3 33.exd6 Rxc3 34.d7 Rxf3 35.d8=Q+ Re8 36.Qc7 g4
37.Rd6 Qg5 38.Qxc5 Kh7 39.Qd5 Qh4 40.Nd3 Re2  0-1

[Event "Challengers"]
[Site "Hastings ENG"]
[Date "2000.01.03"]
[Round "6"]
[White "Gottschlich,C"]
[Black "Cherniaev,A"]
[Result "0-1"]
[WhiteElo "2246"]
[BlackElo "2432"]

1.d4 Nf6 2.c4 e6 3.Nc3 Bb4 4.Qc2 O-O 5.e4 d5 6.e5 Ne4 7.Bd3 c5 8.cxd5 exd5
9.Ne2 cxd4 10.Nxd4 Nd7 11.f4 Ndc5 12.O-O Nxd3 13.Qxd3 Bxc3 14.bxc3 Re8 15.Bb2 b6
16.Rad1 Qc7 17.Nc2 Bb7 18.Ne3 Rad8 19.Qd4 f6 20.exf6 Nxf6 21.c4 dxc4 22.Qxc4+ Qxc4
23.Nxc4 Ba6 24.Rc1 Re4 25.Ne5 Bxf1 26.Kxf1 Rxf4+ 27.Ke2 Rb4 28.Ba1 Ra4 29.Rc2 h6
30.Kf3 Re8 31.Re2 Nd7 32.g4 Nxe5+ 33.Bxe5 g5  0-1

[Event "VII Anibal Open"]
[Site "Linares ESP"]
[Date "2000.01.09"]
[Round "3"]
[White "Touzane,O"]
[Black "Delchev,A"]
[Result "1/2-1/2"]
[WhiteElo "2348"]
[BlackElo "2521"]

1.d4 Nf6 2.c4 e6 3.Nc3 Bb4 4.Qc2 O-O 5.a3 Bxc3+ 6.Qxc3 b6 7.Bg5 Bb7 8.f3 h6
9.Bh4 d5 10.e3 c5 11.dxc5 bxc5 12.O-O-O Nbd7 13.cxd5 exd5 14.Bb5 Qb6 15.Bxd7 Nxd7
16.Ne2 Rfe8 17.Nf4 d4 18.exd4 cxd4 19.Qxd4 Nc5 20.Kb1 g5 21.Bf2 Rac8 22.Rc1 Nb3
23.Qxb6 axb6 24.Rxc8 Rxc8 25.Nd3 Nd2+ 26.Ka1 Nb3+ 27.Kb1 Nd2+ 28.Ka1  1/2-1/2

[Event "ch-CRO"]
[Site "Pula CRO"]
[Date "2000.01.09"]
[Round "3"]
[White "Feletar,D"]
[Black "Hulak,K"]
[Result "0-1"]
[WhiteElo "2411"]
[BlackElo "2493"]

1.d4 Nf6 2.c4 e6 3.Nc3 Bb4 4.Qc2 O-O 5.Nf3 b6 6.e4 Bxc3+ 7.bxc3 Ne8 8.Bd3 f6
9.O-O c5 10.Be3 Qe7 11.Rab1 e5 12.d5 Nd6 13.Nd2 Na6 14.f4 Nc7 15.fxe5 fxe5
16.Rxf8+ Kxf8 17.Nf3 Kg8 18.Rf1 Ba6 19.Nxe5 Nce8 20.Bf4 Nf6 21.h3 Re8 22.Re1 Nh5
23.Bh2 Rf8 24.Qe2 Nf4 25.Bxf4 Rxf4 26.g3 Rf8 27.Ng4 h5 28.Nf2 Qe5 29.Kg2 Rf6
30.h4 Rg6 31.Nh1 Rg4 32.Qe3 Bxc4 33.Nf2 Rg6 34.Bxc4 Nxc4 35.Qd3 b5 36.Rb1 Nd6
37.Re1 a5 38.Re3 b4 39.Qc2 c4 40.Qa4 bxc3 41.Qxa5 Rf6 42.Qa3 Qd4 43.Re2 Nf7
44.Qc1 Ne5 45.Nd1 Rf3 46.Qc2 Qd3 47.Nf2 Rxg3+ 48.Kf1 Qf3  0-1

[Event "1st Fraenkische GM"]
[Site "Pulvermuele GER"]
[Date "2000.01.12"]
[Round "1"]
[White "Gabriel,Ch"]
[Black "Wells,P"]
[Result "1/2-1/2"]
[WhiteElo "2578"]
[BlackElo "2476"]

1.d4 Nf6 2.c4 e6 3.Nc3 Bb4 4.Qc2 O-O 5.a3 Bxc3+ 6.Qxc3 b6 7.Bg5 Ba6 8.e3 d6
9.Nf3 Nbd7 10.b4 c5 11.dxc5 bxc5 12.b5 Bb7 13.Bd3 a6 14.O-O axb5 15.cxb5 Bxf3
16.gxf3 Ne5 17.Be2 Ra4 18.f4 Ned7 19.Bd1 Ra5 20.a4 Qa8 21.Bc2 Qf3 22.Qxa5  1/2-1/2

[Event "VII Anibal Open"]
[Site "Linares ESP"]
[Date "2000.01.13"]
[Round "7"]
[White "Ruiz Jimenez,F"]
[Black "Vilar Lopez,M"]
[Result "0-1"]
[WhiteElo "2012"]
[BlackElo "2158"]

1.d4 Nf6 2.c4 e6 3.Nc3 Bb4 4.Qc2 O-O 5.e4 d6 6.Bd3 e5 7.Ne2 a5 8.O-O Nc6
9.d5 Ne7 10.Rb1 Bd7 11.b3 Ng6 12.Bg5 h6 13.Bc1 Bc5 14.a3 Ng4 15.Nd1 Qh4 16.h3 Nf6
17.b4 axb4 18.axb4 Bd4 19.Nxd4 exd4 20.f4 Bxh3 21.gxh3 Qg3+ 22.Kh1 Qxh3+
23.Kg1 Qg3+ 24.Kh1 Nh4 25.Qe2 Rfe8 26.Rb3 Nxe4 27.Bc2 Nc3 28.Qh2 Qg4 29.Qg1 Qh3+
30.Qh2 Qxf1+  0-1

[Event "Extraliga CZE"]
[Site "Ostrava CZE"]
[Date "2000.01.15"]
[Round "6"]
[White "Vacek,A"]
[Black "Chloupek,S"]
[Result "0-1"]
[WhiteElo "2248"]
[BlackElo "2344"]

1.d4 Nf6 2.c4 e6 3.Nc3 Bb4 4.Qc2 O-O 5.Bg5 c5 6.Nf3 h6 7.Bd2 cxd4 8.Nxd4 Nc6
9.Nxc6 bxc6 10.a3 Be7 11.e3 d5 12.Be2 Ba6 13.Qa4 Bxc4 14.Bxc4 dxc4 15.Qxc4 c5
16.Rd1 Qb6 17.Bc1 Rfd8 18.O-O Qb7 19.e4 Nd7 20.f4 Nb6 21.Qe2 c4 22.f5 Rxd1
23.Qxd1 Qd7 24.Qg4 Qd4+ 25.Kh1 Qf6 26.Qe2 e5 27.Be3 Bf8 28.h3 Rc8 29.Bxb6 Qxb6
30.Nd5 Qb3 31.f6 Qd3 32.Qf2 Qxe4 33.Ne7+ Bxe7 34.fxe7 Qd5 35.Qxa7 Re8 36.Qc7 Qe6
37.Rc1 Rxe7 38.Qxc4 Qb6 39.b4 e4 40.a4 e3 41.a5 Qd6 42.b5 Qd2 43.Qc8+ Kh7
44.Qc2+ Qxc2 45.Rxc2 e2 46.Rxe2 Rxe2  0-1

[Event "ch-CRO"]
[Site "Pula CRO"]
[Date "2000.01.15"]
[Round "9"]
[White "Feletar,D"]
[Black "Palac,M"]
[Result "1-0"]
[WhiteElo "2411"]
[BlackElo "2610"]

1.d4 Nf6 2.c4 e6 3.Nc3 Bb4 4.Qc2 O-O 5.Nf3 c5 6.dxc5 Na6 7.Bd2 Nxc5 8.a3 Bxc3
9.Bxc3 d6 10.e3 Bd7 11.b3 Nfe4 12.Be2 e5 13.O-O Bf5 14.Qb2 Bg4 15.Bb4 a5
16.Be1 Qb6 17.Rb1 Nf6 18.b4 axb4 19.axb4 Na4 20.Qc2 Qc7 21.Rc1 Rfc8 22.h3 Bd7
23.Bd2 h6 24.Qb1 Be6 25.e4 Qb8 26.Be3 b5 27.Nd2 bxc4 28.Bxc4 d5 29.exd5 Bxd5
30.Qb3 Bxc4 31.Nxc4 Nc5 32.Qb1 Ncd7 33.Na5 Qb5 34.Rxc8+ Rxc8 35.Rc1 Rxc1+
36.Bxc1 Nd5 37.Bd2 N7f6 38.Qf1 Qa4 39.Qe1 e4 40.Bc3  1-0

[Event "V Ubeda Open"]
[Site "Ubeda ESP"]
[Date "2000.01.21"]
[Round "3"]
[White "Lomineishvili,M"]
[Black "Iordachescu,V"]
[Result "1-0"]
[WhiteElo "2290"]
[BlackElo "2560"]

1.d4 Nf6 2.c4 e6 3.Nc3 Bb4 4.Qc2 O-O 5.a3 Bxc3+ 6.Qxc3 b6 7.Bg5 Ba6 8.e3 d6
9.Bd3 Nbd7 10.Ne2 c5 11.b4 h6 12.Bh4 cxd4 13.exd4 Rc8 14.Qb3 e5 15.Rc1 e4
16.Bb1 Qc7 17.b5 Bb7 18.O-O d5 19.cxd5 Qd6 20.Nc3 Qf4 21.Bg3 Bxd5 22.Qb2 Qg4
23.h3 Qg6 24.Rfe1 Bb7 25.Rcd1 Rfe8 26.d5 Nc5 27.Re3 Rcd8 28.d6 Nh5 29.Nd5 Bxd5
30.Rxd5 f5 31.Qa2 Kh8 32.Bh4 Nf6 33.Rg3 Qf7 34.Rxf5 Qxa2 35.Bxa2 Rxd6 36.Bxf6 Rxf6
37.Rxf6 gxf6 38.Rg6 Rf8 39.Rxh6+ Kg7 40.Rh5 f5 41.Rg5+ Kf6 42.Rg8 Rxg8 43.Bxg8 f4
44.Kf1 Na4 45.Ke1 Nc3 46.Bc4 Ke5 47.h4 Kf5 48.Kd2 Nb1+ 49.Kc1 Nc3 50.Kc2 Na4
51.Be2 Nc5 52.Kc3 Ke5 53.g4 Ne6 54.Bc4 Nd4 55.g5 e3 56.fxe3 fxe3 57.g6 Nf5
58.h5 Kf6 59.Bd3 Nh6 60.Be2 Ke5 61.Kd3 Nf5 62.Bg4 Nh6 63.Bd7 Kf4 64.Ke2 Kg5
65.Kxe3 Kxh5 66.Be8 Kg5 67.Ke4 Kf6 68.Kd5 Ke7 69.Bf7 Nf5 70.a4 Ng3 71.Kc6  1-0

[Event "Renome 2000"]
[Site "Bjeljina YUG"]
[Date "2000.01.26"]
[Round "1"]
[White "Sahovic,D"]
[Black "Savic,Mio1"]
[Result "0-1"]
[WhiteElo "2412"]
[BlackElo "2430"]

1.d4 Nf6 2.c4 e6 3.Nc3 Bb4 4.Qc2 O-O 5.a3 Bxc3+ 6.Qxc3 Ne4 7.Qc2 f5 8.Nf3 d6
9.g3 Nd7 10.Bg2 Qe8 11.O-O Qh5 12.b4 Ndf6 13.Ne1 Ng4 14.h3 Ngf6 15.g4 Qg6
16.Nd3 fxg4 17.Nf4 Qf5 18.hxg4 Qxg4 19.f3 Qg3 20.fxe4 Ng4 21.Rf3 Qh2+ 22.Kf1 e5
23.Nd5 Qh4 24.Rxf8+ Kxf8 25.e3 Be6 26.Ke2 Qg3 27.Nxc7 Qxg2+ 28.Kd3 Qf1+ 29.Kd2 Rc8
30.Nxe6+ Ke7 31.c5 Qf2+ 32.Kc3 Qxc2+ 33.Kxc2 Kxe6 34.Bb2 h5 35.Rh1 g6 36.Rg1 Nxe3+
37.Kd3 Ng4 38.d5+ Ke7 39.Kc4 a6 40.a4 Kd7 41.Bc1 a5 42.Kb5 axb4 43.cxd6 b3
44.Ba3 Rc2 45.Rb1 Nf2 46.Rxb3 Nxe4 47.Bb4 Nxd6+ 48.Kb6 g5 49.a5 g4 50.Bxd6 Kxd6
51.Kxb7 Ra2 52.a6 Kxd5 53.a7 h4 54.Rb4 Rxa7+ 55.Kxa7 e4 56.Rb5+ Ke6 57.Rh5 h3
58.Kb6 e3 59.Rh8 Kf7 60.Rh7+ Kg6  0-1

[Event "Israeli League"]
[Site "Ramat Aviv ISR"]
[Date "2000.01.28"]
[Round "3"]
[White "Gershon,A"]
[Black "Gofshtein,L"]
[Result "1/2-1/2"]
[WhiteElo "2471"]
[BlackElo "2580"]

1.d4 Nf6 2.c4 e6 3.Nc3 Bb4 4.Qc2 O-O 5.a3 Bxc3+ 6.Qxc3 b6 7.Bg5 Bb7 8.e3 d6
9.f3 Nbd7 10.Bd3 c5 11.Ne2 Rc8 12.Qb3 h6 13.Bh4 Re8 14.O-O Qe7 15.Rfe1 Rc7
16.Rac1 a6 17.Bb1 Rec8 18.Qd3 cxd4 19.exd4 a5 20.b4 axb4 21.axb4 Ba6 22.b5 Bb7
23.Bg3 e5  1/2-1/2

[Event "FSIMA January"]
[Site "Budapest HUN"]
[Date "2000.02.05"]
[Round "1"]
[White "Sinkovics,P"]
[Black "Balogh,C"]
[Result "1/2-1/2"]
[WhiteElo "2331"]
[BlackElo "2356"]

1.d4 Nf6 2.c4 e6 3.Nc3 Bb4 4.Qc2 O-O 5.Bg5 h6 6.Bh4 c5 7.dxc5 Nc6 8.e3 Bxc5
9.Nf3 Be7 10.Be2 d5 11.O-O dxc4 12.Bxc4 Qa5 13.a3 a6 14.Rfd1 b5 15.b4 Qb6
16.Be2 Bb7 17.Rac1 Rac8 18.Qb3 Rfd8  1/2-1/2

[Event "FSIMA February"]
[Site "Budapest HUN"]
[Date "2000.02.07"]
[Round "3"]
[White "Woolridge,L"]
[Black "Eperjesi,L"]
[Result "0-1"]
[WhiteElo "2185"]
[BlackElo "2365"]

1.d4 Nf6 2.c4 e6 3.Nc3 Bb4 4.Qc2 O-O 5.Bg5 h6 6.h4 c5 7.O-O-O cxd4 8.Rxd4 Nc6
9.Rf4 Be7 10.Nf3 e5 11.Rxf6 Bxf6 12.Nd5 hxg5 13.e3 gxh4 14.g3 Re8 15.Qe4 d6
16.Nxh4 Bxh4 17.Rxh4 f5 18.Qh1 Kf7 19.Rh7 Rg8 20.Be2 Kf8 21.Bh5 Be6 22.Bg6 Ne7
23.Nf6 Nxg6 24.Nxg8 Bxg8 25.b3 Bxh7 26.Qxh7 Kf7 27.Qh5 Qf6 28.c5 Rc8 29.b4 dxc5
30.b5 e4 31.Kb1 Rd8 32.Qe2 Qc3 33.Qc2 Qe1+ 34.Kb2 Rd2 35.a4 Ne5 36.Kb3 c4+  0-1

[Event "Petroff Mem Open"]
[Site "St Petersburg RUS"]
[Date "2000.02.07"]
[Round "1"]
[White "Kyprijanov,I"]
[Black "Belozerov,A"]
[Result "1/2-1/2"]
[WhiteElo "2290"]
[BlackElo "2487"]

1.d4 Nf6 2.c4 e6 3.Nc3 Bb4 4.Qc2 O-O 5.Nf3 c5 6.dxc5 Na6 7.Bg5 Nxc5 8.a3 Qa5
9.Bxf6 gxf6 10.Rc1 Bxc3+ 11.Qxc3 Qxc3+ 12.Rxc3 a5 13.Nd4 b6 14.f3 a4 15.e4 Ba6
16.Be2 Rfc8 17.Kf2 Kf8 18.Ke3 Ke7 19.Rd1 Rc7 20.Rd2 Rac8 21.Bd1 Nb7 22.Bxa4 Nd6
23.Rdc2 Rxc4 24.Rxc4 Rxc4 25.Bb3 Rc5 26.Kd2 Rxc2+ 27.Nxc2 f5 28.e5 Nb7 29.f4 Nc5
30.Ba2 Nd3 31.Nb4 Nxb4 32.axb4 f6 33.Ke3 d6 34.Kd4 fxe5+ 35.fxe5 f4 36.Ke4 Bb7+
37.Kxf4 Bxg2 38.Bb1 h6 39.Bd3 Bc6 40.Bc4 Be8 41.Bd3 Bh5 42.Bc4 Bg6 43.Be2 Bf5
44.Bf1 d5 45.Be2 d4 46.b5 Bc2 47.Bc4 Kf7 48.h4 Bf5 49.Be2 Kg6 50.h5+ Kf7
51.Bf3 Bd3 52.Be4 Bxb5 53.Bg6+ Ke7 54.Ke4 d3 55.Ke3 Kd7 56.Bxd3 Kc6 57.Bc2 Kd5
58.Kf4 Kd4 59.Bb3 Bc4 60.Bc2 Ba2 61.Bg6 Bb3 62.Bb1 Bd5 63.Bc2 Kc4 64.Ke3 Kb4
65.Bd1 Kc4 66.Bc2 Bc6 67.Bd1 Be8 68.Ke4 Bf7 69.Ke3 Kd5 70.Kf4 Kd4 71.Be2 Be8
72.Bg4 Kd5 73.Bd1 Bb5 74.Bb3+ Bc4 75.Bc2 Kd4 76.Bb1 Bd3 77.Ba2 Bf5 78.Bb3 Kd3
79.Ba4 Kd2 80.Bd7 Kc2 81.b4 Kc3 82.b5 Kd4 83.Be8 Bd3 84.Bd7 Bc4 85.Bc6 Kc5
86.Bd7 Kd5 87.Bc6+ Kd4 88.Bd7 Kd3 89.Bc6 Ke2 90.Bf3+ Kf2 91.Bc6 Bb3 92.Bb7 Kg1
93.Kg3 Bc4 94.Bc6 Kf1 95.Bd7 Ke2 96.Kf4 Kf2 97.Bc6 Be2 98.Bd7 Bxh5 99.Bxe6 Be8
100.Bc4 h5 101.e6 h4 102.Kg4 Ke3 103.Kxh4 Kd4 104.Bf1 Ke5 105.Bc4 Kd4 106.Bf1 Ke5
107.Bc4  1/2-1/2

[Event "Petroff Mem Open"]
[Site "St Petersburg RUS"]
[Date "2000.02.09"]
[Round "3"]
[White "Lunev,A"]
[Black "Sambuev,B"]
[Result "1/2-1/2"]
[WhiteElo "2491"]
[BlackElo "2385"]

1.d4 e6 2.c4 Nf6 3.Nc3 Bb4 4.Qc2 O-O 5.a3 Bxc3+ 6.Qxc3 b6 7.Bg5 c5 8.dxc5 bxc5
9.e3 d6 10.Nf3 Nbd7 11.Nd2 Rb8 12.Bd3 Qb6 13.Rb1 a5 14.O-O Bb7 15.f3 a4 16.Bc2 Bc6
17.Rfd1 Qc7 18.Nf1 Rb6 19.Rd2 Ra8 20.Rbd1 Bb7 21.Bh4 Ne8 22.Bg3 e5 23.Bh4 Nf8
24.h3 Bc6 25.Bf2 g6 26.Ng3 f5 27.h4 Rab8 28.Rb1 Qb7 29.Be1 Qf7 30.Ne2 Ne6
31.Qa5 R6b7 32.Qc3 f4 33.exf4 Nxf4 34.Ng3 Ne6 35.Qd3 Nd4 36.Ne4 Qe7 37.Nc3 Ra7
38.Bg3 Ng7 39.Bf2 Nge6 40.Nd5 Bxd5 41.cxd5 Nf4 42.Qc4 Nb3 43.Bxb3 Rxb3 44.Rc1 Qb7
45.Bxc5 Rxb2 46.Be3 Rxd2 47.Bxd2 Qb6+ 48.Kh1 Rf7 49.Bxf4 exf4 50.Qxa4 Qd8
51.Kg1 Qxh4 52.Qe8+ Kg7 53.Rc8 Qe7 54.Qxe7  1/2-1/2

[Event "Goodricke Open"]
[Site "Calcutta IND"]
[Date "2000.02.10"]
[Round "5"]
[White "Suvrajit,S"]
[Black "Kunte,A"]
[Result "0-1"]
[WhiteElo "2269"]
[BlackElo "2487"]

1.d4 Nf6 2.c4 e6 3.Nc3 Bb4 4.Qc2 O-O 5.a3 Bxc3+ 6.Qxc3 d6 7.Bg5 Nbd7 8.Nf3 b6
9.e3 Bb7 10.Nd2 Rc8 11.f3 c5 12.Be2 Re8 13.O-O h6 14.Bh4 d5 15.dxc5 bxc5
16.Rfd1 Qb6 17.Bf2 a5 18.Rab1 a4 19.b4 axb3 20.Nxb3 Qa7 21.Na5 Ba6 22.Rdc1 e5
23.Bf1 d4 24.Qd2 Nf8 25.exd4 cxd4 26.Bd3 e4 27.Bxe4 Nxe4 28.fxe4 Rxe4 29.Re1 Rxe1+
30.Rxe1 Ne6 31.Nb3 Rxc4 32.Rd1 Qd7 33.Nxd4 Bb7 34.Nc2 Qc6 35.Ne1 Nf4 36.Be3 Nd5
37.Bd4 Nc7 38.Qf2 Ne6 39.Be5 Qe4 40.Nf3 Rc2 41.Qg3 Qe3+ 42.Kh1 Rf2 43.Nh4 Qe2
44.Rg1 Kh7 45.Ba1 Be4 46.Qc3 Qh5 47.Qg3 Rf4  0-1

[Event "FSIMB February"]
[Site "Budapest HUN"]
[Date "2000.02.12"]
[Round "8"]
[White "Zimmerman,Y"]
[Black "Medvegy,N"]
[Result "0-1"]
[WhiteElo "2397"]
[BlackElo "2275"]

1.d4 Nf6 2.c4 e6 3.Nc3 Bb4 4.Qc2 O-O 5.e4 c5 6.e5 cxd4 7.a3 Qa5 8.axb4 Qxa1
9.exf6 dxc3 10.fxg7 Re8 11.bxc3 e5 12.Nf3 d5 13.cxd5 Bf5 14.Qd2 a5 15.Bb5 Bd7
16.Bxd7 Nxd7 17.bxa5 Rxa5 18.O-O Qa2 19.Qxa2 Rxa2 20.Bh6 Ra6 21.Be3 Kxg7
22.Nh4 Rea8 23.Nf5+ Kg6 24.g4 Nf6 25.Ne7+ Kg7 26.h3 Kf8 27.Bc5 Ke8 28.Nf5 Kd7
29.Ne3 Ne4 30.Bb4 b5 31.f4 Ng3 32.Re1 Ra1 33.Rxa1 Rxa1+ 34.Kf2 exf4 35.Nf5 Nxf5
36.gxf5 Rh1 37.Kg2 Rd1 38.Kf3 Rf1+ 39.Kg2 Rd1 40.Kf3 Rxd5 41.Kxf4 Rd3 42.h4 f6
43.Kg4 Ke8 44.Ba5 Rd1 45.Bb6 Rc1 46.Ba5 Rg1+ 47.Kh5 Kf7 48.Bb4 Rf1 49.Kg4 h5+
50.Kxh5 Rxf5+ 51.Kg4 Kg6 52.Bf8 Re5 53.Kf4 Rh5 54.Kg3 Kf5 55.Bb4 Rh7 56.Bc5 Rd7
57.Kf2 Kg4 58.Bd4 f5 59.Bf6 f4 60.h5 Rd2+ 61.Ke1 Rh2  0-1

[Event "FSGM February"]
[Site "Budapest HUN"]
[Date "2000.02.12"]
[Round "8"]
[White "Volzhin,A"]
[Black "Szabo,Zso2"]
[Result "1/2-1/2"]
[WhiteElo "2548"]
[BlackElo "2429"]

1.d4 e6 2.c4 Nf6 3.Nc3 Bb4 4.Qc2 O-O 5.a3 Bxc3+ 6.Qxc3 d6 7.Bg5 Nbd7 8.e3 h6
9.Bh4 b6 10.Bd3 c5 11.Ne2 Ba6 12.Qb3 Rc8 13.O-O d5 14.Qa4 dxc4 15.Bxc4 Bxc4
16.Qxc4 Qc7 17.b4 cxd4 18.Qxc7 Rxc7 19.Nxd4 a6 20.Bg3 Rc4 21.Rfd1 Rfc8 22.f3 Nd5
23.Nf5 exf5 24.Rxd5 Rc1+ 25.Rxc1 Rxc1+ 26.Kf2 Nf6 27.Rd8+ Kh7 28.Be5 Rc6
29.a4 Rc2+ 30.Kg3 Ra2 31.Bxf6 gxf6 32.Kf4 Rxa4 33.Kxf5 Kg7 34.Rd4 h5 35.Ke4 Ra2
36.Rd6 b5 37.h4 a5 38.bxa5 Rxa5 39.Kf4 Ra2 40.g3 Rb2 41.Rb6 Rb3 42.e4 b4
43.g4 hxg4 44.Kxg4 Rb1 45.Kf4 b3 46.h5 Rh1 47.Rxb3  1/2-1/2

[Event "FSGM February"]
[Site "Budapest HUN"]
[Date "2000.02.13"]
[Round "9"]
[White "Hoang Thanh Trang"]
[Black "Volzhin,A"]
[Result "1/2-1/2"]
[WhiteElo "2448"]
[BlackElo "2548"]

1.d4 Nf6 2.c4 e6 3.Nc3 Bb4 4.Qc2 O-O 5.a3 Bxc3+ 6.Qxc3 Ne4 7.Qc2 f5 8.e3 b6
9.Bd3 Bb7 10.Ne2 Qh4 11.O-O Rf6 12.f3 Rh6 13.h3 Ng5 14.e4 Nc6 15.Bxg5 Qxg5
16.Qc1 Qh4 17.Qe3 Rf8 18.exf5 exf5 19.d5 f4 20.Nxf4 Qxf4 21.Qxf4 Rxf4 22.dxc6 Bxc6
23.Rf2 Rd6 24.Bf1 Kf7 25.Re1 Re6 26.Rxe6 Kxe6 27.Re2+ Kf7 28.Rd2 g5 29.Kf2 h5
30.Ke3 Ke6 31.Bd3 Ke5 32.Re2 a5 33.Kd2+ Kd4 34.Re3 g4 35.Be2 gxf3 36.gxf3 a4
37.Re7 Rf6  1/2-1/2

[Event "Petroff Mem Open"]
[Site "St Petersburg RUS"]
[Date "2000.02.14"]
[Round "7"]
[White "Ragozin,E"]
[Black "Aseev,K"]
[Result "1-0"]
[WhiteElo "2475"]
[BlackElo "2517"]

1.d4 Nf6 2.c4 e6 3.Nc3 Bb4 4.Qc2 O-O 5.a3 Bxc3+ 6.Qxc3 d6 7.f3 c5 8.dxc5 dxc5
9.Bg5 Nc6 10.e3 e5 11.Bd3 Be6 12.Ne2 h6 13.Bxf6 Qxf6 14.Ng3 Rac8 15.O-O Qe7
16.Be4 Bd7 17.Rad1 f5 18.Bc2 g6 19.Rd2 Rfd8 20.Ba4 Be8 21.Rfd1 Rxd2 22.Rxd2 b6
23.Rd5 Bf7 24.Bxc6 Rxc6 25.Rxe5 Qd8 26.h3 Rd6 27.Nf1 Rd1 28.Qc2 Qd6 29.f4 Qd3
30.Qxd3 Rxd3 31.Kf2 Rb3 32.Nd2 Rxb2 33.Ke1 Ra2 34.g4 fxg4 35.hxg4 Kf8 36.f5 Rxa3
37.f6  1-0

[Event "Jersey Open"]
[Site "St Helier JCI"]
[Date "2000.02.24"]
[Round "5"]
[White "Hillarp Persson,T"]
[Black "D'Costa,L"]
[Result "1-0"]
[WhiteElo "2548"]
[BlackElo "2215"]

1.d4 Nf6 2.c4 e6 3.Nc3 Bb4 4.Qc2 O-O 5.e4 c5 6.e5 cxd4 7.a3 dxc3 8.axb4 Ne8
9.Qxc3 d6 10.Nf3 dxe5 11.Nxe5 Nd7 12.Be3 Nxe5 13.Qxe5 b6 14.Be2 Bb7 15.O-O Qf6
16.Qxf6 Nxf6 17.b5 Nd7 18.Rfd1 Rfd8 19.Ra3 Kf8 20.Rda1 Ke7 21.Rxa7 Kd6 22.b4 Rxa7
23.Rxa7 Rb8 24.f3 f6 25.h4 h6 26.h5 Bc8 27.Kf2 Bb7 28.Bf4+ e5 29.Be3 f5 30.g3 Bc8
31.Bd3  1-0